| 000 | 00561nam a2200169Ia 4500 | ||
|---|---|---|---|
| 999 |
_c35823 _d35823 |
||
| 003 | OSt | ||
| 005 | 20201216132927.0 | ||
| 008 | 190216s9999||||xx |||||||||||||| ||und|| | ||
| 040 | _coclc | ||
| 082 |
_a371.264 _bCAR/F |
||
| 100 | _aCareer Stuy Centre
 | ||
| 245 | 0 |
_aFacilities For Scheduled Castes And Scheduled Tribes / _cCareer Study Centre |
|
| 260 |
_bCentral Institute For Research & training, _c1980. _aNew Delhi: |
||
| 300 | _a42p | ||
| 650 | _aFacilities For Sc & St | ||
| 942 |
_cREF _2ddc _h371.264 _iCAR/F _k371.264 _mCAR/F |
||